Do descobrimento aos dias de hoje história do Brasil (Record no. 49838)

MARC details
000 -LÍDER
campo de controle de tamanho fixo 00444 a2200157 4500
001 - NÚMERO DE CONTROLE
campo de controle 49838
020 ## - ISBN - INTERNATIONAL STANDARD BOOK NUMBER
ISBN - International Standard Book Number 9788575213551
040 ## - FONTE DA CATALOGAÇÃO
Instituição que transcreveu o registro Anchieta - Bela Vista
100 ## - ENTRADA PRINCIPAL--NOME PESSOAL
Nome pessoal Editora Caras S.A.
240 10 - TÍTULO UNIFORME
Título uniforme Do descobrimento aos dias de hoje história do Brasil
Idioma da obra por
245 10 - TÍTULO
Título Do descobrimento aos dias de hoje história do Brasil
300 ## - DESCRIÇÃO FÍSICA
Extensão 288
362 0# - DATAS DE PUBLICAÇÃO E/OU DESIGNAÇÃO SEQUENCIAL
Datas de publicação e/ou designação sequencial 2017
650 #4 - ASSUNTO--TERMO TÓPICO
Cabeçalho tópico ou nome geográfico Escravidão no Brasil / Quilombos / Abolição
942 ## - ELEMENTOS DE ENTRADA ADICIONADOS (KOHA)
Tipo de material Koha Livros
Holdings
Situação do descarte Situação das perdas Situação física Não pode ser emprestado Biblioteca de origem Biblioteca atual Data de aquisição Total de empréstimos Número de chamada completo Código de barras Data de último acesso Data do preço efetivo Tipo de material Koha
        Colégio Anchieta - Bela Vista Colégio Anchieta - Bela Vista 21/11/2023   981.04 D631d DOD 3014/BEL 21/11/2023 21/11/2023 Livros